000 02934cam a2200553 a 4500
001 200468172
003 TR-AnTOB
005 20260417152530.0
007 ta
008 901121r19861983nyu b 000 0 eng d
010 _a83006268
020 _a9780140390445
020 _a0140390448
020 _a087692450X
020 _a9780876924501
035 _a(CLU)3297745-ucladb-Voyager
035 _a(TR-AnTOB)200468172
035 _a(OCoLC)22722811
_z(OCoLC)85961490
_z(OCoLC)881464489
_z(OCoLC)957031588
_z(OCoLC)1039472799
_z(OCoLC)1098335750
_z(OCoLC)1355362928
_z(OCoLC)1499150583
035 _a(OCoLC)ocm22722811
035 _a(EXLNZ-01UCS_NETWORK)9913172089306531
040 _aGSU
_beng
_erda
_cGSU
_dOCL
_dXY4
_dOCLCQ
_dOCLCG
_dSXC
_dOCLCQ
_dOCLCA
_dOCLCF
_dOCLCQ
_dOCLCO
_dCVS
_dOCLCQ
_dNRC
_dWHCCD
_dOCLCQ
_dAZN
_dOCLCO
_dOCLCQ
_dMWA
_dOCLCO
_dOCLCL
_dOCLCQ
_dMYIIU
_dSZT
_dLCOAD
_dDCT
_dRDF
_dOCLCO
_dH9Z
_dOCLCL
_dTR-AnTOB
043 _an-us-ma
049 _aMAIN
050 4 _aPS3048
_b.A1 1986
090 _aPS3048
_b.A1 1986
100 1 _aThoreau, Henry David,
_d1817-1862
_0http://id.loc.gov/authorities/names/n78095600
_944703
240 1 0 _aWalden
245 1 0 _aWalden and civil disobedience /
_cby Henry David Thoreau ; with an introduction by Michael Meyer.
246 3 _aWalden
246 3 _aCivil disobedience
264 _aNew York, N.Y., U.S.A. :
_bPenguin Books,
_c©1986
300 _a431 pages ;
_c19 cm
336 _atext
_btxt
_2rdacontent
337 _aunmediated
_bn
_2rdamedia
338 _avolume
_bnc
_2rdacarrier
500 _aReprint of the Penguin American Library edition published in 1983.
504 _aIncludes bibliographical references (pages 37-40).
505 0 _aWalden: Economy -- Where I lived, and what I lived for -- Reading -- Sounds -- Solitude -- Visitors -- Bean-field -- Village -- Ponds -- Baker Farm -- Higher laws -- Brute neighbors -- House-warming -- Former inhabitants; and winter visitors -- Winter animals -- Pond in winter -- Spring -- Conclusion -- Civil disobedience.
520 _aThoreau's famous account of a year spent in a cabin at Walden Pond near Concord, during which he made many observations about nature, human life, and the importance of simplicity. Also includes his influential essay "Civil disobedience," arguing that since what is law is not necessarily right, and just because the majority decides an issue doesn't automatically make that issue palatable to a man's conscience, individuals should sometimes oppose the majority and break unjust laws in order to change them.
650 0 _aCivil disobedience
_0http://id.loc.gov/authorities/subjects/sh90000103
_914237
650 0 _aLoneliness
_0https://id.nlm.nih.gov/mesh/D008132
_9106697
655 7 _aBiographies
_2fast
_9146142
942 _2lcc
_cBK
951 _aUclaCollMgr MonosBKS19851987 20210430
951 _aA+ ar 930310
951 _aMARS
999 _c200468172
_d86384